000 01786nam2a22002771 4500
001 v19\rc\1830295
005 20250619140052.0
035 _a(NLR Aleph) 004926062
090 _a5629425
_c5629425
100 _a20071224d1909 |||y0rusy50 ca
101 0 _arus
102 _aRU
105 _ay z |||||
200 1 _aАнглийские самоуправляющиеся колонии Африки
215 _a[2], 49-86 с.
461 0 _1001v19\rc\1830293
_12001#$aК вопросу о золотопромышленных захватах$eПорядок приобретения горной собственности для целей золотого промысла и право владения ею в законодательстве иностр. государств. Вып. 1-2$fБар. Альфред Гинцбург$vВып. 2
_1700#1$aГинцбург$bА.Г.$f1865-$gАльфред Горациевич
_95629408
_aГинцбург, А.Г. (1865-)
_cСанкт-Петербург
_d1909
_fБар. Альфред Гинцбург
_nПостоян. совещ. контора золото- и платинопромышленников
_oПорядок приобретения горной собственности для целей золотого промысла и право владения ею в законодательстве иностр. государств. Вып. 1-2
_p2 т.
_tК вопросу о золотопромышленных захватах
_vВып. 2
801 0 _aRU
_bNLR
_gpsbo
801 0 _aRU
_bRuMoRGB
_2psbo
801 1 _aRU
_bProSoft-M
_2rusmarc
852 _aNLR
_jП60/Б-8/12
852 _aNLR
_j38.47.3.47
899 _aRuMoRGB
_jU 7/123
899 _aRuMoRGB
_jU 402/2136
899 _aНБ МГУ
942 _cBOOK
980 _aNB